| 000 | 00784nam a2200229 i 4500 | ||
|---|---|---|---|
| 001 | 60017 | ||
| 003 | ES-MaACL | ||
| 005 | 20250817113848.0 | ||
| 007 | t| | ||
| 008 | 031103s1956 sp ||||1| spa d | ||
| 245 | 0 | 0 |
_aEsopo y Fedro _b: fábulas morales / _cversión establecida a la vista de los textos más autorizados y notas por Pilar Guibelalde ; con unas notas prologadas de Emiliano M. Aguilera. |
| 260 |
_a[Barcelona : _bIberia, _c1956] ( _fAgustín Núñez) |
||
| 300 |
_a206 p. ; _c19 cm. |
||
| 490 | 1 | _aObras maestras | |
| 700 | 1 |
_aGuibelalde, Pilar. _960635 |
|
| 700 | 1 |
_aAguilera, Emiliano M. _918758 |
|
| 700 | 0 |
_aEsopo _947736 |
|
| 700 | 0 |
_aFedro. _949082 |
|
| 830 | 0 |
_aObras maestras _9181001 |
|
| 852 |
_aES-MaACL _jC-13430 _bR.39981 |
||
| 999 |
_c60017 _d60017 |
||